000
00301nam a22001097a 4500
082
_a
355.02 WES'G
100
_a
WESTOVER, JOHN G CAPTAIN
_9
77671
245
_a
COMBAT SUPPORT IN KOREA THE UNITED STATES ARMY IN THE KOREAN CONFLICT
260
_a
WASHINGTON
_b
COMBAT
_c
1955
300
_a
254P
942
_c
BK
999
_c
582896
_d
582896